01134nam a2200337 a 4500003000900000005001700009008004100026040001300067100002800080245014000108260008300248300002300331500004100354500004400395650001500439650002300454650001200477650002400489650002200513650002100535650002400556651001300580653001400593653001600607653002100623655001500644942000700659998001100666999001500677952010400692AR-BaBNM20251128203602.0082120s2002 ||||||||||||||000 | spa|| cAR-BaBNM1 aAlbrecht, Hellmuth F.G.00aTendencias en la literatura alemana desde el naturalismo hasta nuestros díasbel neorromanticismo : la narrativa : la"Heimatkunst". 3 aTucumánbUniversidad Nacional de Tucumán. Instituto de Lenguas Vivasc1958 a427 p.bil., mapas aContiene índice de obras en p. 327 aIndice de personas y materias en p. 387 4aESCRITORES 4aHISTORIA LITERARIA 4aNOVELAS 4aCULTURAS LITERARIAS 4aCRITICA LITERARIA 4aESTILO LITERARIO 4aFILOSOFIA LITERARIA 4aAlemania aNARRATIVA aHISTORIETAS aNEORROMANTICISMO aLITERATURA cBK cMARTIN c4014d4014 00102ddc405171aLPLbLPLd2025-11-28l0o830 ALB 3p039459r2025-11-28 20:36:02w2025-11-28yBK